| 000 | 00706cam a22002054a 4500 | ||
|---|---|---|---|
| 001 | 14985233 | ||
| 005 | 20250131183059.0 | ||
| 008 | 070829s2008 moua b 001 0 eng | ||
| 020 | _a9781416032434 | ||
| 050 | 0 | 0 |
_aRC76 _b.J37 2008 |
| 082 | 0 | 0 |
_a616.075 _222 |
| 100 | 1 | _aJarvis, Carolyn. | |
| 245 | 1 | 0 |
_aPhysical examination & health assessment / _cCarolyn Jarvis ; original illustrations by Pat Thomas ; assessment photographs by Kevin Strandberg. |
| 250 | _a5th ed. | ||
| 260 |
_aSt. Louis, Mo. : _bSaunders/Elsevier, _cc2008. |
||
| 300 |
_axx, 902 p. : _bcol. ill. ; _c29 cm. + _e1 CD-ROM (4 3/4 in.) |
||
| 650 | 0 | _aPhysical diagnosis. | |
| 650 | 0 | _aNursing assessment. | |
| 942 |
_2lcc _cBK _e5th ed. _n0 |
||
| 999 |
_c3317 _d3317 |
||